000 00508nam a2200181Ia 4500
003 GCL
008 140319s9999 xx 000 0 ara d
040 _aGCL /
_cGCL
082 0 4 _a641.2
_bس م
100 1 _aابتسام صديق ابو الخير
245 1 0 _aالمشروبات فى صناعة الفنادق /
_cابتسام صديق ابو الخير
300 _a184 ص
490 _a
650 0 4 _aالفنادق
650 0 4 _aالسياحة
650 0 4 _aالمشروبات
942 _2ddc
_cBK
999 _c38005
_d38005